| 000 | 01717nam a22002417a 4500 | ||
|---|---|---|---|
| 003 | AR-RoUNCS | ||
| 005 | 20260511145404.0 | ||
| 007 | ta | ||
| 008 | 260511s1981 sp |||||r|||| 00| 1 spa d | ||
| 020 | _a8402081487 | ||
| 040 |
_aAR-RoUNCS _bspa _cAR-RoUNCS |
||
| 041 | _aspa | ||
| 100 | 1 |
_aGarcía Márquez, Gabriel, _d1927-2014 _eautor |
|
| 245 | 1 | 3 |
_aLa mala hora / _cGabriel García Márquez. |
| 250 | _a1a ed. | ||
| 260 |
_aBarcelona : _bBruguera, _c1981. |
||
| 300 |
_a216 p. ; _c18 cm. |
||
| 490 | 0 |
_aColección de Literatura Universal Bruguera ; _v82 |
|
| 520 | _aEn La mala hora, Gabriel García Márquez construye un inolvidable apólogo sobre la violencia colectiva. Al pueblo ha llegado "la mala hora" de los campesinos, la hora de la desgracia. La comarca ha sido "pacificada" después de una guerra civil. Han ganado los conservadores, que se dedican a perseguir cruel y pertinazmente a sus adversarios liberales. Al alba, mientras el padre Ángel se dispone a celebrar la misa, suena un disparo en el pueblo. Un comerciante de ganado, advertido por un pasquín pegado a la puerta de su casa de la infidelidad de su mujer, acaba de matar al presunto amante de ésta. Es uno de los pasquines anónimos clavados en las puertas de las casas, que no son panfletos políticos, sino simples denuncias sobre la vida privada de los ciudadanos. Pero no revelan nada que no se supiera de antemano: son los viejos rumores que ahora se han hecho públicos; y a partir de ellos estalla la violencia subyacente a la luz tórrida, espesa, cansada y pegajosa, en una serie de escenas encadenadas de inolvidable belleza. | ||
| 650 | 7 |
_2embne _aLiteratura colombiana |
|
| 655 | 7 |
_2embne _aNovelas |
|
| 942 |
_2udc _cOG _n0 |
||
| 999 |
_c1007 _d1007 |
||